Diabolical Slideshow Challenge Quiz Stats

 Plays Quiz Updated Aug 30, 2016

Also try: Color Memory Match
Challenge
Share
Tweet
Score 0/20 Timer 05:00
0 Plays Today
% Correct
???
99.8%
???
90.6%
???
83.3%
???
74%
???
65.7%
???
53.7%
???
44.5%
???
28.4%
???
23.9%
???
20.4%
% Correct
???
19.7%
???
17.9%
???
17.4%
???
16.4%
???
15%
???
12.4%
???
6.1%
???
5.8%
???
4.2%
???
3.9%

You're not logged in!

Compare scores with friends on all Sporcle quizzes.
Join for Free
OR
Log In

You Might Also Like...

Show Comments

Extras

Top Quizzes Today


Score Distribution

Your Account Isn't Verified!

In order to create a playlist on Sporcle, you need to verify the email address you used during registration. Go to your Sporcle Settings to finish the process.

Report this User

Report this user for behavior that violates our Community Guidelines.

Details: